000 00302nam a22001337a 4500
008 170623b xxu||||| |||| 00| 0 eng d
020 _a9789280811049
041 _aeng
080 _a321
100 _a32
101 _aSHP
245 _aTHE UN ROLE IN PROMOTING DEMOCRACY
_cNEWMAN,E
942 _2udc
_cBK
999 _c19014
_d19014